Commentarius in quatuor S. evangelia Domini N. Iesu Christi
Kaydedildi:
| Yazar: | |
|---|---|
| Materyal Türü: | Kitap |
| Dil: | Latince |
| Baskı/Yayın Bilgisi: |
París
P. Lethielleux
1894
|
| Edisyon: | 1a. ed |
| Seri Bilgileri: | Cursus Scripturae Sacrae
|
| Konular: | |
| Etiketler: |
Etiketle
Etiket eklenmemiş, İlk siz ekleyin!
|
MARC
| LEADER | 00000cam a2200000 a 4500 | ||
|---|---|---|---|
| 001 | UCD2470 | ||
| 003 | CL-VaPUC | ||
| 008 | 160428e18940000fr |||||||||||||||||lat|d | ||
| 082 | 0 | 4 | |a 226.66 |b KNA |2 21 |
| 100 | |a Knabenbauer, Iosepho |e author |9 585842 | ||
| 245 | 1 | 0 | |a Commentarius in quatuor S. evangelia Domini N. Iesu Christi |
| 250 | |a 1a. ed | ||
| 300 | |a t | ||
| 942 | |c BK | ||
| 945 | |d 20160428 21:50:00 |a dcastane | ||
| 260 | |a París |b P. Lethielleux |c 1894 | ||
| 500 | |a t.2: Evangelium Secundum S. Marcum | ||
| 500 | |a t.3: Evangelium secundum Lucam | ||
| 500 | |a t.4: Evangelium secundum Ioannem | ||
| 650 | 0 | |a Evangelios |9 314864 | |
| 650 | 0 | |a Crítica e interpretación |9 255042 | |
| 583 | |a last modification |c 20160428 21:50:00 |k Rodrigo Vera | ||
| 490 | 0 | |a Cursus Scripturae Sacrae | |
| 999 | |c 363632 |d 363630 | ||
| 952 | |0 0 |1 0 |3 erd |4 0 |6 226_660000000000000_KNA_1894 |7 0 |8 X |9 476233 |a BIBTEO |b BIBTEO |c TEO_FFR |h t.2 |i 5228751 |o 226.66 KNA 1894 |p 5228751 |r 2024-01-18 |w 2019-11-24 |y BK_X |z Catalogado en:20160428 |k OFM | ||
| 952 | |0 0 |1 0 |3 erd |4 0 |6 226_660000000000000_KNA_1894 |7 0 |8 X |9 476234 |a BIBTEO |b BIBTEO |c TEO_FFR |h t.3 |i 5228743 |o 226.66 KNA 1894 |p 5228743 |r 2024-01-18 |w 2019-11-24 |y BK_X |z Catalogado en:20160428 |k OFM | ||
| 952 | |0 0 |1 0 |3 erd |4 0 |6 226_660000000000000_KNA_1894 |7 0 |8 X |9 476235 |a BIBTEO |b BIBTEO |c TEO_FFR |i 5228654 |o 226.66 KNA 1894 |p 5228654 |r 2024-01-18 |w 2019-11-24 |y BK_X |z Catalogado en:20160609 |k OFM | ||